Culture Générale - Clic Quiz - La réponse est en emoji par IA #18 - Statistiques

Statistiques générales
  • Ce quiz a été pris 252 fois
  • Le résultat moyen est 24 sur 40
Statistiques - réponses
Hint Réponse % Correct
Marine Le Pen
94%
Mona Lisa
93%
Méduse
93%
Mylène Farmer
90%
Cruella
90%
Rihanna
89%
Emma Watson
88%
Anne Hidalgo
88%
Ariana Grande
83%
Britney Spears
83%
Arwen, fille d'Elrond
81%
Leia Organa
79%
Dua Lipa
76%
Kendall Jenner
74%
Kris Jenner
73%
Victoria
69%
Peng Liyuan
65%
Jane Birkin
63%
Paris Hilton
62%
Sabrina Carpenter
62%
Léa Seydoux
60%
Cristina Yang
56%
Melanie Brown (Mel B)
55%
Kirsten Dunst
54%
Janet Jackson
52%
Emily Blunt
51%
Judy Garland
49%
Donna Summer
49%
Nana Mouskouri
49%
Michelle Rodriguez
47%
Simona Halep
40%
Anna Kendrick
40%
Bernadette Soubirous
39%
Heidi Klum
38%
Anna Kournikova
33%
Callie Torres
33%
Margaret Qualley
26%
Yasmine Bleeth
26%
Dani Daniels
16%
Marina Abramovic
11%
Aucun quiz correspondant
Distribution des résultats
% des personnes avec chaque résultat
Percentile par nombre de réponses
Votre historique - résultats
Vous n’avez pas pris ce quiz